| 000 | 00660cab a2200241 4500 | ||
|---|---|---|---|
| 001 | ABS55761 | ||
| 008 | 090401t1996 xxu||||| |||| 00| 0 eng d | ||
| 035 | _a(Sirsi) u18639 | ||
| 041 | _aeng | ||
| 100 | _aWheatley, C. | ||
| 245 | _aGaining ground? | ||
| 260 | _c1996 | ||
| 350 | _a0 | ||
| 490 |
_aEstates Gazette _v(9636) 7 September 1996, 74(1) |
||
| 520 | _aDiscusses how the Housing Act 1996 will stem the growing demand for ground rents at auction. | ||
| 650 | _aGROUND RENTS | ||
| 650 | _aHOUSING ACT 1996 | ||
| 650 | _aLONG LEASES | ||
| 650 |
_aAuctioneering _96218 |
||
| 690 |
_aAuctioneering _96218 |
||
| 942 | _n0 | ||
| 948 | _c04/03/1997 | ||
| 999 |
_c12404 _d12404 |
||